000 00479 a2200169 4500
003 OSt
005 20231109114749.0
008 231109b |||||||| |||| 00| 0 eng d
020 _a9788194760313
040 _coclc
082 _a920
_bMOH/K
100 _aMohammad, T C
_98869
245 _aKottal Uppi Sahib:
_bKottayam Malabarinte Prasastha Puthran /
260 _aKerala:
_bGrace,
_c2020.
300 _a163p
942 _2ddc
_cBK
_h920
_iMOH/K
_k920
_mMOH/K
999 _c42987
_d42987